Vainqueurs Grand Prix F1 2023 - Statistiques

Statistiques générales
  • Ce quiz a été pris 65 fois
  • Le résultat moyen est 21 sur 22
Statistiques - réponses
Grand Prix Réponse % Correct
BAHREIN Max Verstappen
100%
AUSTRALIE Max Verstappen
97%
MIAMI Max Verstappen
97%
ESPAGNE Max Verstappen
97%
CANADA Max Verstappen
97%
AUTRICHE Max Verstappen
97%
GRANDE-BRETAGNE Max Verstappen
97%
HONGRIE Max Verstappen
97%
BELGIQUE Max Verstappen
97%
PAYS-BAS Max Verstappen
97%
ITALIE Max Verstappen
97%
JAPON Max Verstappen
97%
QATAR Max Verstappen
97%
ETATS UNIS Max Verstappen
97%
MEXIQUE Max Verstappen
97%
BRESIL Max Verstappen
97%
ABOU DABI Max Verstappen
97%
MONACO Maw Verstappen
95%
LAS VEGAS Max Verstappen
95%
ARABIE SAOUDITE Sergio Perez
93%
SINGAPOUR Carlos Sainz
91%
AZERBAIDJAN Sergio Perez
91%
Aucun quiz correspondant
Distribution des résultats
% des personnes avec chaque résultat
Percentile par nombre de réponses
Votre historique - résultats
Vous n’avez pas pris ce quiz